[Event "FIDE World Cup 2023"]
[Site "Baku AZE"]
[Date "2023.08.01"]
[Round "1.3"]
[White "Smirin, Ilia"]
[Black "Avila Pavas, Santiago"]
[Result "1/2-1/2"]
[WhiteTitle "GM"]
[BlackTitle "GM"]
[WhiteElo "2595"]
[BlackElo "2499"]
[WhiteFideId "2801990"]
[BlackFideId "4437128"]
[EventDate "2023.07.30"]
[EventType "k.o."]

1. c4 e6 2. Nc3 Nf6 3. e4 d5 4. cxd5 exd5 5. e5 d4 6. exf6 dxc3 7. Bb5+ Nc6 8.
Qe2+ Be6 9. dxc3 Qxf6 10. Nf3 Bd6 11. Bg5 Qg6 12. h4 O-O 13. h5 Qf5 14. Bd3 Qd5
15. O-O-O Qxa2 16. Bb1 Qc4 17. Qc2 f5 18. Rhe1 Rae8 19. Nd4 Nxd4 20. Rxd4 Qb3
21. g4 Bc5 22. Rxe6 Qxe6 23. b4 Bxd4 24. Ba2 Kh8 25. Bxe6 Rxe6 26. gxf5 Rc6 27.
Bd2 h6 28. Kb2 Bf6 29. Qe4 Rd8 30. Kc2 a6 31. Be1 Rcd6 32. f3 b5 33. Bh4 Bxh4
34. Qxh4 Rf8 35. Qe7 Rxf5 36. Qxc7 Rdf6 37. Qe7 Rxf3 38. Qe8+ Rf8 39. Qe6 R3f6
40. Qd7 Rf5 41. Qd6 R8f6 42. Qd8+ Kh7 43. Qd3 Rf8 44. Kb3 Kg8 45. Qe2 R5f6 46.
Qe5 Rc8 47. Qd5+ Kh8 48. Qb7 Rfc6 49. Kb2 Kh7 50. Qf7 Kh8 51. Qb7 Kh7 52. Qf7
Rf6 53. Qd7 Rcf8 54. Kb3 Kh8 55. Qe7 Rf3 56. Qe6 R3f5 57. Qd6 R8f6 58. Qd8+ Kh7
59. Qd3 g6 60. Qd7+ Rf7 61. hxg6+ Kxg6 62. Qe6+ R5f6 63. Qg4+ Kh7 64. Qe4+ Rg6
65. Qd5 Rc7 66. Qf5 Re7 67. Qd5 Kg7 68. Qd4+ Rf6 69. Qg4+ Kf7 70. Qh5+ Kf8 71.
Qc5 Re6 72. Qf5+ Kg7 73. Qg4+ Kh8 74. Qf5 Kg8 75. Qg4+ Kf7 76. Qh5+ Kf8 77. Qf5+
Ke8 78. Qh5+ Kd7 79. Qd5+ Kc7 80. Qc5+ Kb7 81. Qd5+ Rc6 82. Qf3 Rc7 83. Kb2 Ka7
84. Qe3+ Kb8 85. Qe8+ Kb7 86. Qe4 h5 87. Qh1 Rh7 88. Qe4 Rc7 89. Qh1 Ka7 90.
Qg1+ Kb8 91. Qg8+ Kb7 92. Qg2 h4 93. Qh1 Rh7 94. Qe4 Rc7 95. Qh1 a5 96. bxa5 Ka6
97. Qxh4 Rxc3 98. Qe4 R3c6 99. Kb3 Kxa5 100. Qb4+ Ka6 101. Qd4 Rb6 102. Qa1+ Kb7
103. Qh1+ Rbc6 104. Kb4 Kb6 105. Qg1+ Ka6 106. Qa1+ Kb6 107. Qg1+ Rc5 108. Qd4
Ka6 109. Qa1+ Kb7 110. Qh1+ R7c6 111. Qf3 Ka6 112. Qa3+ Kb7 113. Qf3 Ka6 114.
Qa3+ Kb7 1/2-1/2

[Event "FIDE World Cup 2023"]
[Site "Baku AZE"]
[Date "2023.08.01"]
[Round "1.3"]
[White "Albornoz Cabrera, Carlos Daniel"]
[Black "Suleymenov, Alisher"]
[Result "1-0"]
[WhiteTitle "GM"]
[BlackTitle "IM"]
[WhiteElo "2591"]
[BlackElo "2499"]
[WhiteFideId "3518736"]
[BlackFideId "13707833"]
[EventDate "2023.07.30"]
[EventType "k.o."]

1. e4 c5 2. Nf3 e6 3. d4 cxd4 4. Nxd4 Nf6 5. Nc3 Nc6 6. a3 Be7 7. Nxc6 bxc6 8.
e5 Nd5 9. Qg4 g6 10. Qg3 d6 11. Ne4 dxe5 12. c4 Nf4 13. Qc3 O-O 14. Qxe5 Nd3+
15. Bxd3 Qxd3 16. Nf6+ Bxf6 17. Qxf6 Qf5 18. Qxf5 exf5 19. Bh6 Rd8 20. Rd1 Be6
21. b3 f6 22. h4 Kf7 23. Bf4 a6 24. Ke2 Ke7 25. Bc7 Rd7 26. Rxd7+ Kxd7 27. Bf4
Rd8 28. Rd1+ Ke7 29. Rxd8 Kxd8 30. Ke3 c5 31. Bd6 g5 32. hxg5 fxg5 33. Bxc5 Kd7
34. Bf8 f4+ 35. Ke4 Bf7 36. Bh6 Bg6+ 37. Kd4 g4 38. Bxf4 Bc2 39. b4 Kc6 40. Bg5
Bd1 41. Bh4 Bb3 42. f4 gxf3 43. gxf3 Bd1 44. f4 Bc2 45. Ke5 Bb3 46. c5 a5 47.
Kf6 axb4 48. axb4 Bc2 49. Bf2 Bd3 50. Ke6 Bc4+ 51. Ke5 Kd7 52. f5 h5 53. Bh4 Kc7
54. Kf6 Bd3 55. Ke6 Kc6 56. f6 Bc4+ 57. Ke7 1-0

[Event "FIDE World Cup 2023"]
[Site "Baku AZE"]
[Date "2023.08.01"]
[Round "1.3"]
[White "Ivic, Velimir"]
[Black "Gurel, Ediz"]
[Result "1-0"]
[WhiteTitle "GM"]
[BlackTitle "IM"]
[WhiteElo "2590"]
[BlackElo "2500"]
[WhiteFideId "950122"]
[BlackFideId "44507356"]
[EventDate "2023.07.30"]
[EventType "k.o."]

1. e4 c5 2. Nf3 d6 3. d4 cxd4 4. Nxd4 Nf6 5. Nc3 Nc6 6. Bg5 Bd7 7. Qd2 Rc8 8.
O-O-O Nxd4 9. Qxd4 Qa5 10. f4 h6 11. Bxf6 gxf6 12. Kb1 Qc5 13. Qd3 h5 14. Be2 f5
15. e5 Bg7 16. Qg3 Kf8 17. Rd5 Qb6 18. Rhd1 h4 19. Qd3 a6 20. Rd4 Be6 21. Nd5
Qa5 22. exd6 exd6 23. Rc4 Rxc4 24. Qxc4 Bf6 25. c3 Kg7 26. Bf3 Rc8 27. Qd3 b5
28. a3 Qd8 29. g3 h3 30. g4 fxg4 31. Bxg4 Bxg4 32. Rg1 Qd7 33. Nb6 Qe6 34. Nxc8
Kf8 35. Qxd6+ Qxd6 36. Nxd6 Bf3 37. Kc2 Be7 38. Rg3 Bg2 39. Rd3 Bh4 40. Nf5 Bf6
41. Rd6 Be4+ 42. Kd2 1-0

[Event "FIDE World Cup 2023"]
[Site "Baku AZE"]
[Date "2023.08.01"]
[Round "1.3"]
[White "Henderson de La Fuente, Lance"]
[Black "Adhiban, Baskaran"]
[Result "0-1"]
[WhiteTitle "GM"]
[BlackTitle "GM"]
[WhiteElo "2517"]
[BlackElo "2587"]
[WhiteFideId "32096585"]
[BlackFideId "5018471"]
[EventDate "2023.07.30"]
[EventType "k.o."]

1. d4 Nf6 2. c4 e6 3. Nf3 d5 4. g3 h6 5. Bg2 Bd6 6. O-O O-O 7. Nc3 Nc6 8. Bf4
Bxf4 9. gxf4 dxc4 10. e3 Nd5 11. Rc1 Rb8 12. Qe2 b5 13. Ne4 Ncb4 14. Nc5 Na6 15.
Ne4 f5 16. Nc3 Nab4 17. Ne5 Bb7 18. a4 a6 19. axb5 axb5 20. Rfd1 Qe8 21. Bf3
Nxc3 22. bxc3 Bxf3 23. Qxf3 Nd5 24. Kh1 Kh7 25. Rg1 Ra8 26. Rg3 Rg8 27. Qg2 c6
28. Rg1 Ra7 29. Rg6 Nxc3 30. Nxc6 Rc7 31. Nb4 Ne2 32. d5 Nxg1 33. Rxe6 Qh5 34.
Kxg1 c3 35. f3 Rc4 36. Nc2 Qf7 37. Qe2 Rc5 38. Qd3 Rd8 39. e4 Qxe6 40. dxe6 Rxd3 0-1

[Event "FIDE World Cup 2023"]
[Site "Baku AZE"]
[Date "2023.08.01"]
[Round "1.3"]
[White "Mastrovasilis, Dimitrios"]
[Black "Blohberger, Felix"]
[Result "1-0"]
[WhiteTitle "GM"]
[BlackTitle "GM"]
[WhiteElo "2587"]
[BlackElo "2522"]
[WhiteFideId "4202694"]
[BlackFideId "1632051"]
[EventDate "2023.07.30"]
[EventType "k.o."]

1. e4 e6 2. d4 d5 3. Nc3 Nf6 4. e5 Nfd7 5. Nce2 c5 6. c3 Nc6 7. Nf3 a5 8. a4 Qb6
9. g3 cxd4 10. cxd4 f6 11. exf6 Nxf6 12. Bh3 Bb4+ 13. Nc3 Ne4 14. O-O O-O 15.
Nb5 h6 16. Be3 Bd7 17. Rc1 Rac8 18. Qe2 Qa6 19. Rc2 Be7 20. Rfc1 Bf6 21. Qd1 Kh8
22. Bf1 Qb6 23. Ne5 Be8 24. Qg4 Ng5 25. Nd6 Rd8 26. Nxe8 Rfxe8 27. h4 Ne4 28.
Nf7+ Kg8 29. Nxd8 Nxd8 30. Bd3 Nd6 31. Qg6 N8f7 32. Rc7 Bxd4 33. Bxd4 Qxd4 34.
Rd7 Qf6 35. Rcc7 e5 36. Qh7+ Kf8 37. Bg6 Rd8 38. Rxf7+ 1-0

[Event "FIDE World Cup 2023"]
[Site "Baku AZE"]
[Date "2023.08.01"]
[Round "1.3"]
[White "Xu, Yinglun"]
[Black "Suleymanli, Aydin"]
[Result "1/2-1/2"]
[WhiteTitle "GM"]
[BlackTitle "GM"]
[WhiteElo "2531"]
[BlackElo "2586"]
[WhiteFideId "8604940"]
[BlackFideId "13413937"]
[EventDate "2023.07.30"]
[EventType "k.o."]

1. Nf3 Nf6 2. c4 e6 3. Nc3 d5 4. e3 c5 5. cxd5 exd5 6. Bb5+ Nc6 7. Ne5 Bd7 8.
Bxc6 bxc6 9. Nxd7 Nxd7 10. O-O Be7 11. b3 O-O 12. Bb2 c4 13. Na4 Bf6 14. bxc4
dxc4 15. Qc2 Rb8 16. Bxf6 Nxf6 17. Nb2 c3 18. dxc3 Qa5 19. Nc4 Qa6 20. Ne5 Qb5
21. Nf3 Qb2 22. Qa4 c5 23. Qxa7 Ne4 24. h3 Ra8 25. Qe7 Rfe8 26. Qh4 Nxc3 27. Qc4
Qb4 28. Qd3 h6 29. Rac1 Ra3 30. Rc2 Nxa2 31. Qd7 Rf8 32. Qc6 Nc3 33. Ne5 Qe4 34.
Qxc5 Qxc2 35. Qxa3 Ne4 36. Qd3 Qxd3 37. Nxd3 Rd8 38. Nf4 Rd2 39. g4 g5 40. Nh5
Re2 41. Kg2 Ra2 42. Kg1 Re2 43. Kg2 Ra2 44. Ng3 Nxg3 45. Kxg3 Kg7 46. h4 Kg6 47.
h5+ Kg7 48. Rd1 Ra3 49. Rd5 Ra4 50. Rd4 Ra3 51. Kf3 Ra2 52. Rd1 Kf6 53. Re1 Rb2
54. Re2 Rb4 55. Kg3 Ra4 56. Rb2 Kg7 57. Rb5 Ra3 58. Re5 Kf6 59. Rf5+ Kg7 60. Kf3
Ra4 61. e4 Ra3+ 62. Ke2 Ra2+ 1/2-1/2

[Event "FIDE World Cup 2023"]
[Site "Baku AZE"]
[Date "2023.08.01"]
[Round "1.3"]
[White "Sanal, Vahap"]
[Black "Kozul, Zdenko"]
[Result "1-0"]
[WhiteTitle "GM"]
[BlackTitle "GM"]
[WhiteElo "2585"]
[BlackElo "2532"]
[WhiteFideId "6300545"]
[BlackFideId "14502879"]
[EventDate "2023.07.30"]
[EventType "k.o."]

1. e4 c5 2. Nf3 d6 3. d4 cxd4 4. Nxd4 Nf6 5. Nc3 Nc6 6. Bg5 e6 7. Qd2 a6 8.
O-O-O Bd7 9. f4 b5 10. Kb1 b4 11. Bxf6 gxf6 12. Nce2 Qb6 13. Nxc6 Bxc6 14. f5 e5
15. Ng3 h5 16. h4 Qc5 17. Bd3 a5 18. Qe2 a4 19. Nxh5 Ke7 20. g4 Rxh5 21. gxh5
Bh6 22. Bc4 Rg8 23. Bd5 Bb5 24. Qf3 Rg7 25. c4 Bxc4 26. Bxc4 Qxc4 27. Qd3 Qxd3+
28. Rxd3 Rg4 29. Rhd1 Rxh4 30. Rxd6 Be3 31. Rd7+ Kf8 32. Rb7 Bd4 33. Rxb4 Rxe4
34. Rh1 1-0

[Event "FIDE World Cup 2023"]
[Site "Baku AZE"]
[Date "2023.08.01"]
[Round "1.3"]
[White "Supi, Luis Paulo"]
[Black "Fawzy, Adham"]
[Result "1-0"]
[WhiteTitle "GM"]
[BlackTitle "GM"]
[WhiteElo "2582"]
[BlackElo "2533"]
[WhiteFideId "2106388"]
[BlackFideId "10613129"]
[EventDate "2023.07.30"]
[EventType "k.o."]

1. c4 c5 2. g3 Nc6 3. Bg2 g6 4. Nf3 Bg7 5. Nc3 e5 6. a3 a5 7. d3 Nge7 8. O-O d6
9. Rb1 O-O 10. b3 h6 11. Nd2 Be6 12. Nd5 Rb8 13. Bb2 Qd7 14. Nb6 Qd8 15. Nd5 Qd7
16. e3 Bh3 17. Ne4 Nxd5 18. Bxh3 Qxh3 19. cxd5 Ne7 20. Nxd6 Nxd5 21. Nc4 Qe6 22.
e4 Ne7 23. Nxa5 f5 24. b4 cxb4 25. axb4 Kh7 26. Qb3 Qd7 27. Nc4 Nc6 28. Nb6 Qd6
29. Nd5 Qe6 30. b5 f4 31. Qd1 Nd8 32. Rc1 Qh3 33. gxf4 Ne6 34. f3 Nxf4 35. Nxf4
Rxf4 36. Rc7 Qe6 37. Kh1 Rf7 38. Rxf7 Qxf7 39. Qa1 Re8 40. f4 Qd7 41. Rf3 Qxb5
42. Bxe5 Bxe5 43. fxe5 Qb3 44. Qd4 Re7 45. Kg2 Qe6 46. h3 b5 47. Rf6 Qxe5 48.
Rf7+ Kg8 49. Qxe5 Rxe5 50. Rb7 Kf8 51. Kf3 Rh5 52. Kg3 Rc5 53. Kf4 Rh5 54. d4
Rxh3 55. d5 Rd3 56. Ke5 Rf3 57. d6 Rd3 58. Ke6 h5 59. d7 h4 60. Rb8+ Kg7 61.
d8=Q Rxd8 62. Rxd8 Kh6 63. Kf6 Kh5 64. e5 1-0

[Event "FIDE World Cup 2023"]
[Site "Baku AZE"]
[Date "2023.08.01"]
[Round "1.3"]
[White "Janik, Igor"]
[Black "Gumularz, Szymon"]
[Result "1-0"]
[WhiteTitle "GM"]
[BlackTitle "GM"]
[WhiteElo "2548"]
[BlackElo "2577"]
[WhiteFideId "1159259"]
[BlackFideId "1188062"]
[EventDate "2023.07.30"]
[EventType "k.o."]

1. d4 Nf6 2. c4 g6 3. Nc3 Bg7 4. e4 d6 5. Be2 O-O 6. Be3 Nc6 7. d5 Ne5 8. f4
Neg4 9. Bd2 Nh6 10. Nf3 c6 11. Qc1 cxd5 12. cxd5 Bd7 13. O-O Rc8 14. Bd3 b5 15.
a3 a5 16. Qe1 Nh5 17. h3 b4 18. axb4 axb4 19. Nd1 e6 20. g4 exd5 21. gxh5 Bxh3
22. exd5 Re8 23. Qg3 Bxf1 24. Kxf1 Rc5 25. hxg6 hxg6 26. Ne3 Bxb2 27. Rb1 Bc3
28. Bc1 Bg7 29. Ng5 b3 30. Bd2 b2 31. Ne4 Rc7 32. f5 Re5 33. fxg6 fxg6 34. Qxg6
Rf7+ 35. Ke2 Qh4 36. Rxb2 Re8 37. Nxd6 Rf2+ 38. Kd1 Ra8 39. Rb7 Ra1+ 40. Bb1 Qd4
41. Rb8+ Rf8 42. Qh7# 1-0

[Event "FIDE World Cup 2023"]
[Site "Baku AZE"]
[Date "2023.08.01"]
[Round "1.3"]
[White "Iskandarov, Misratdin"]
[Black "Cheng, Bobby"]
[Result "1/2-1/2"]
[WhiteTitle "GM"]
[BlackTitle "GM"]
[WhiteElo "2551"]
[BlackElo "2572"]
[WhiteFideId "13400312"]
[BlackFideId "4300033"]
[EventDate "2023.07.30"]
[EventType "k.o."]

1. c4 e6 2. Nf3 d5 3. d4 Nf6 4. g3 Bb4+ 5. Bd2 a5 6. Qc2 O-O 7. Bg2 Be7 8. O-O
c6 9. Bf4 Nbd7 10. Rd1 h6 11. Nc3 dxc4 12. Ne5 Nxe5 13. dxe5 Nd5 14. Rac1 Qc7
15. Nxd5 exd5 16. e6 Qd8 17. exf7+ Rxf7 18. e4 Be6 19. exd5 cxd5 20. Qe2 Qd7 21.
Rxc4 Bg4 22. f3 Bf5 23. Rc7 Qe6 24. Qxe6 Bxe6 25. Re1 Bd8 26. Rc2 Bb6+ 27. Kh1
Bf5 28. Rd2 d4 29. Bf1 Rc8 30. b3 g5 31. Be5 Re7 32. f4 gxf4 33. gxf4 Kh7 34.
Bd3 Bxd3 35. Rxd3 Rc2 36. Rg1 Bc7 37. Bxc7 Rexc7 38. Rxd4 Rxa2 39. Rd5 Rf2 40.
Rxa5 Rcc2 41. Rh5 Rb2 42. Rh3 Rxf4 43. Rd3 Rf7 44. Rg2 Rf1+ 45. Rg1 Rxg1+ 46.
Kxg1 b5 47. Rg3 b4 48. h3 h5 49. Kf1 h4 50. Rg4 Rxb3 51. Rxh4+ Kg6 52. Ke2 Kg5
53. Rg4+ Kf5 54. Kd2 Rxh3 55. Rxb4 1/2-1/2

[Event "FIDE World Cup 2023"]
[Site "Baku AZE"]
[Date "2023.08.01"]
[Round "1.3"]
[White "Quesada Perez, Luis Ernesto"]
[Black "Can, Emre"]
[Result "1/2-1/2"]
[WhiteTitle "GM"]
[BlackTitle "GM"]
[WhiteElo "2553"]
[BlackElo "2570"]
[WhiteFideId "3520773"]
[BlackFideId "6302181"]
[EventDate "2023.07.30"]
[EventType "k.o."]

1. d4 d5 2. c4 e6 3. Nc3 c6 4. e4 dxe4 5. Nxe4 Bb4+ 6. Bd2 Qxd4 7. Bxb4 Qxe4+ 8.
Be2 Na6 9. Ba5 b6 10. Qd6 Bd7 11. Bc3 f6 12. O-O-O O-O-O 13. Qa3 Kb7 14. Bf3
Qf4+ 15. Rd2 Qc7 16. Ne2 e5 17. Ng3 Nh6 18. Ne4 Nf7 19. Rhd1 Bf5 20. b4 Rxd2 21.
Rxd2 Rd8 22. b5 Nb8 23. c5 Rxd2 24. Bxd2 Qd7 25. Be3 Bxe4 26. Bxe4 f5 27. cxb6
axb6 28. Bxc6+ Nxc6 29. Qa6+ Kc7 30. Qxb6+ Kd6 31. Qc5+ Kc7 32. a4 f4 33. Bd2
Nd8 34. bxc6 Nxc6 35. a5 Qd3 36. Bc3 Kd7 37. Kb2 f3 38. gxf3 Qxf3 39. Qe3 Qd5
40. Qb6 Qc4 41. Qb3 Qe2+ 42. Qc2 Qb5+ 43. Qb3 Qe2+ 44. Ka3 Qxf2 45. Qd5+ Kc7 46.
Bxe5+ Nxe5 47. Qxe5+ Kc6 48. Qe8+ Kb7 49. Qe4+ Ka6 50. Qxh7 Qc5+ 1/2-1/2

[Event "FIDE World Cup 2023"]
[Site "Baku AZE"]
[Date "2023.08.01"]
[Round "1.3"]
[White "Peralta, Fernando"]
[Black "Nesterov, Arseniy"]
[Result "1-0"]
[WhiteTitle "GM"]
[BlackTitle "GM"]
[WhiteElo "2568"]
[BlackElo "2554"]
[WhiteFideId "105309"]
[BlackFideId "24198455"]
[EventDate "2023.07.30"]
[EventType "k.o."]

1. d4 d5 2. c4 e6 3. Nc3 Nf6 4. cxd5 exd5 5. Bg5 c6 6. e3 Be7 7. Bd3 O-O 8. Nge2
Re8 9. O-O Nbd7 10. Qc2 Nf8 11. Rad1 g6 12. f3 Ne6 13. Bh4 b5 14. Qc1 Bb7 15. f4
Ng7 16. f5 Ng4 17. Bxe7 Qxe7 18. Rf3 gxf5 19. Ng3 Qh4 20. Nf1 Re6 21. h3 Nh6 22.
Ne2 Nh5 23. Nf4 Nxf4 24. Rxf4 Qe7 25. Bxf5 Nxf5 26. Rxf5 Rg6 27. Rf3 Re8 28. Rd2
Bc8 29. Rdf2 Be6 30. Ng3 Rc8 31. Rc2 Qh4 32. Ne2 Bxh3 33. Nf4 Bf5 34. Nxg6 hxg6
35. Rcf2 Kg7 36. Rf4 Qe7 37. Qd2 Rh8 38. Qc3 Rc8 39. b4 a6 40. a3 Kg8 41. R2f3
Qg5 42. Qe1 Be6 43. Rg3 Qe7 44. Rh4 Bf5 45. Qf2 Re8 46. Qf4 Qf6 47. Qh6 Qg7 48.
Qg5 Qf8 49. Qxf5 Rxe3 50. Qf6 1-0

[Event "FIDE World Cup 2023"]
[Site "Baku AZE"]
[Date "2023.08.01"]
[Round "1.3"]
[White "Le, Tuan Minh"]
[Black "Asadli, Vugar"]
[Result "1/2-1/2"]
[WhiteTitle "GM"]
[BlackTitle "GM"]
[WhiteElo "2557"]
[BlackElo "2567"]
[WhiteFideId "12401153"]
[BlackFideId "13405764"]
[EventDate "2023.07.30"]
[EventType "k.o."]

1. d4 Nf6 2. Nf3 d5 3. c4 c6 4. Qb3 e6 5. g3 Be7 6. Bg2 O-O 7. O-O b6 8. Bf4
Nbd7 9. Nc3 Bb7 10. cxd5 cxd5 11. Nb5 Ne8 12. Ne5 a6 13. Nc3 b5 14. Rfc1 g5 15.
Bd2 Nd6 16. Nd3 Nc4 17. Be1 f5 18. e3 Rc8 19. Ne2 Nf6 20. Qd1 Nd7 21. b3 Nd6 22.
Rxc8 Bxc8 23. Rc1 a5 24. a3 Nf7 25. Nc5 Qb6 26. Qc2 b4 27. axb4 axb4 28. Bxb4
Qxb4 29. Nxe6 Bb7 30. Nxf8 Kxf8 31. Qxf5 Nf6 32. h4 h6 33. hxg5 hxg5 34. Qc2 Nd6
35. Nc3 Kf7 36. Bf3 Qa5 37. b4 Qa8 38. Qb3 Kg6 39. b5 Nde4 40. Nxe4 dxe4 41. Be2
Bd6 42. b6 Qa5 43. Kg2 Qf5 44. Qb5 Qe6 45. Ra1 Bc8 46. Rh1 Bb7 47. Rh8 Kg7 48.
Rd8 Kg6 49. Bc4 Qe7 50. Rh8 Kg7 51. Rh1 Kg6 52. Qa4 Qd8 53. Qa7 Qc8 54. Rc1 Qd7
55. Ba6 Qg4 56. Qxb7 Bxg3 57. fxg3 Qf3+ 58. Kg1 Qxe3+ 59. Kg2 Qd2+ 60. Kg1 Qxc1+
61. Bf1 Qe3+ 62. Kg2 Qf3+ 63. Kg1 Qxg3+ 64. Kh1 Qf3+ 65. Kg1 Qe3+ 66. Kh1 Qf3+
67. Kg1 1/2-1/2

[Event "FIDE World Cup 2023"]
[Site "Baku AZE"]
[Date "2023.08.01"]
[Round "1.3"]
[White "Mchedlishvili, Mikheil"]
[Black "Laurusas, Tomas"]
[Result "1-0"]
[WhiteTitle "GM"]
[BlackTitle "GM"]
[WhiteElo "2561"]
[BlackElo "2566"]
[WhiteFideId "13600966"]
[BlackFideId "12803731"]
[EventDate "2023.07.30"]
[EventType "k.o."]

1. Nf3 d5 2. c4 c6 3. g3 Nf6 4. Bg2 Bf5 5. Qb3 Qb6 6. d3 e6 7. Be3 Qxb3 8. axb3
a6 9. Bd4 Nbd7 10. Bc3 h6 11. Nbd2 Bd6 12. b4 O-O 13. O-O Bh7 14. Nb3 Rfe8 15.
Na5 Rab8 16. Rfd1 Bc7 17. Nd2 e5 18. Ndb3 Bb6 19. e3 Bf5 20. e4 Be6 21. exd5
cxd5 22. c5 Bxa5 23. Nxa5 d4 24. Bd2 Bd5 25. Rdc1 Bxg2 26. Kxg2 Re6 27. Nc4 Nd5
28. Nd6 Ne7 29. b5 axb5 30. b4 Nd5 31. Nxb5 N7f6 32. Ra7 Rc6 33. Nd6 b6 34. Nxf7
e4 35. Ne5 Re6 36. Nd7 e3 37. Nxb8 exd2 38. Rd1 Ne3+ 39. fxe3 dxe3 40. Raa1 bxc5
41. bxc5 Nd5 42. c6 Kf7 43. Nd7 Ke7 44. Nc5 Rxc6 45. Ne4 Rc8 46. Kf3 Ke6 47. Ke2
Ke5 48. Ra5 Rc1 49. Nxd2 exd2 50. Kxd2 Rc7 51. Re1+ Kd6 52. Ra6+ Kd7 53. Rea1
Rc8 54. Ra7+ Ke6 55. Rxg7 Nb4 56. Rc1 Ra8 57. Rg6+ Ke5 58. Rxh6 Ra2+ 59. Ke3
Nc2+ 60. Rxc2 Rxc2 61. h4 Kf5 62. Rh5+ Kf6 63. Rg5 1-0

[Event "FIDE World Cup 2023"]
[Site "Baku AZE"]
[Date "2023.08.01"]
[Round "1.3"]
[White "Pantsulaia, Levan"]
[Black "Harsha, Bharathakoti"]
[Result "1-0"]
[WhiteTitle "GM"]
[BlackTitle "GM"]
[WhiteElo "2564"]
[BlackElo "2563"]
[WhiteFideId "13602071"]
[BlackFideId "5078776"]
[EventDate "2023.07.30"]
[EventType "k.o."]

1. Nf3 d5 2. c4 d4 3. g3 Nc6 4. Bg2 e5 5. d3 Bb4+ 6. Bd2 a5 7. Bxb4 axb4 8. O-O
Nf6 9. Nbd2 O-O 10. Ne1 h5 11. h4 Bf5 12. Nc2 Qd7 13. Nb3 Bh3 14. Qd2 Bxg2 15.
Kxg2 Qd6 16. f3 Ra4 17. Qg5 Rfa8 18. a3 bxa3 19. bxa3 Nd8 20. Nd2 Ne6 21. Qf5 g6
22. Qh3 Nc5 23. Kg1 Kg7 24. Qg2 Re8 25. Rab1 Raa8 26. Rf2 Qd7 27. Rb5 c6 28. Rb1
Re7 29. Rff1 Qc7 30. Rb4 Na6 31. Rbb1 Nc5 32. Rb4 Qd6 33. Rfb1 Rg8 34. Nb3 Nfd7
35. Na5 b6 36. Nb3 Ne6 37. Nd2 f5 38. Kf2 Rf7 39. Ke1 Re8 40. Qg1 Nec5 41. Kd1
Ra8 42. f4 Na4 43. Rxa4 Rxa4 44. fxe5 Qxe5 45. Nf3 Qf6 46. Qxd4 c5 47. Qxf6+
Rxf6 48. Kd2 f4 49. Rg1 fxg3 50. Rxg3 Ra8 51. Rg5 Rf5 52. Rg1 Kh6 53. Ne3 Rff8
54. Ra1 Nf6 55. Rb1 Rxa3 56. Rxb6 Ra2+ 57. Nc2 Nd7 58. Rb7 Nf6 59. Ng5 Rfa8 60.
Nf7+ Kg7 61. Ne5+ Kh6 62. Nf7+ Kg7 63. Ng5+ Kh6 64. Rc7 R2a5 65. Nf7+ Kg7 66.
Ng5+ Kh6 67. Ne6 Re8 68. Nxc5 g5 69. hxg5+ Kxg5 70. Nd4 Ra2+ 71. Kc3 h4 72. Rg7+
Kh5 73. Nce6 h3 74. Nf4+ Kh6 75. Nf5# 1-0

[Event "FIDE World Cup 2023"]
[Site "Baku AZE"]
[Date "2023.08.01"]
[Round "1.4"]
[White "Wageih, Kareim"]
[Black "Ragger, Markus"]
[Result "1/2-1/2"]
[WhiteTitle "IM"]
[BlackTitle "GM"]
[WhiteElo "2369"]
[BlackElo "2624"]
[WhiteFideId "10604561"]
[BlackFideId "1610856"]
[EventDate "2023.07.30"]
[EventType "k.o."]

1. d4 Nf6 2. Nf3 g6 3. c3 Bg7 4. Bf4 d6 5. h3 O-O 6. e3 Nbd7 7. Be2 Re8 8. O-O
b6 9. a4 a6 10. Na3 Bb7 11. Nc4 Ne4 12. Qb3 e5 13. Bh2 Ng5 14. Ncd2 a5 15. Nxg5
Qxg5 16. Bf3 Bxf3 17. Nxf3 Qe7 18. Qc4 Rec8 19. Rfd1 e4 20. Nd2 Nf6 21. Qb3 Qd7
22. c4 h5 23. Qc2 Re8 24. Rac1 Qe7 25. c5 dxc5 26. dxc5 Nd5 27. cxb6 cxb6 28.
Qb3 Nb4 29. Rc4 Qf6 30. Nxe4 Qxb2 31. Qxb2 Bxb2 32. Bc7 Re6 33. Ng5 Rf6 34. Bd8
Rf5 35. Re4 Kg7 36. f4 Rd5 37. Rxd5 Nxd5 38. Re8 Ra7 39. Ne4 Rd7 40. g4 hxg4 41.
hxg4 f6 42. g5 Kf7 43. Rh8 Kg7 44. Re8 Kf7 45. Rh8 Kg7 46. Re8 1/2-1/2

[Event "FIDE World Cup 2023"]
[Site "Baku AZE"]
[Date "2023.08.01"]
[Round "1.4"]
[White "Iturrizaga Bonelli, Eduardo"]
[Black "Amartuvshin, Ganzorig"]
[Result "1/2-1/2"]
[WhiteTitle "GM"]
[BlackTitle "IM"]
[WhiteElo "2617"]
[BlackElo "2407"]
[WhiteFideId "3901211"]
[BlackFideId "4902548"]
[EventDate "2023.07.30"]
[EventType "k.o."]

1. c4 Nf6 2. Nc3 g6 3. g3 Bg7 4. Bg2 O-O 5. d4 d6 6. Nf3 Nbd7 7. O-O e5 8. e4 c6
9. Qc2 Re8 10. Rd1 exd4 11. Nxd4 Qe7 12. b3 Nc5 13. f3 Nfd7 14. Be3 f5 15. b4
fxe4 16. f4 Nd3 17. Rab1 Nf6 18. h3 h5 19. a3 Bf5 20. Bf1 Bd7 21. Qg2 c5 22. Nc2
Bf5 23. Bd2 Nh7 24. Ne3 Bd4 25. Kh2 b6 26. Nxf5 gxf5 27. Bxd3 exd3 28. Re1 Qf7
29. Nb5 Rxe1 30. Rxe1 Rd8 31. Nxd4 cxd4 32. Qf3 Qxc4 33. Qxh5 Qf7 34. Qf3 Nf6
35. Qxd3 Qd5 36. g4 Kf7 37. gxf5 Rg8 38. Re2 b5 39. Be1 Ng4+ 40. hxg4 Rh8+ 41.
Kg3 Qh1 42. Qe4 Rh3+ 43. Kf2 Rh2+ 44. Kg3 Rh3+ 45. Kf2 Rh2+ 46. Kg3 Qg1+ 47. Rg2
Rxg2+ 48. Qxg2 Qe3+ 49. Kh2 Qxe1 50. Qd5+ Ke7 51. Qxd4 Qh4+ 52. Kg2 Qxg4+ 53.
Kf2 Qxf5 54. Qxa7+ Ke6 55. Qd4 Qb1 56. Qe3+ Kd5 57. Qd2+ Ke4 58. Qxd6 Qb2+ 59.
Ke1 Qxa3 60. Qe5+ Kf3 61. Qd5+ Kxf4 62. Qxb5 Qc3+ 63. Kd1 Qd4+ 64. Kc2 1/2-1/2

[Event "FIDE World Cup 2023"]
[Site "Baku AZE"]
[Date "2023.08.01"]
[Round "1.4"]
[White "Darini, Pouria"]
[Black "Berkes, Ferenc"]
[Result "1/2-1/2"]
[WhiteTitle "GM"]
[BlackTitle "GM"]
[WhiteElo "2412"]
[BlackElo "2615"]
[WhiteFideId "12502200"]
[BlackFideId "718572"]
[EventDate "2023.07.30"]
[EventType "k.o."]

1. e4 e5 2. Nf3 Nc6 3. Bc4 Nf6 4. d3 Be7 5. O-O O-O 6. Nc3 d6 7. a4 a5 8. Re1 h6
9. h3 Re8 10. d4 Bf8 11. Bb5 Bd7 12. b3 exd4 13. Nxd4 Nxd4 14. Qxd4 c6 15. Bf1
d5 16. e5 Nh7 17. Bb2 Ng5 18. Qd3 Qb6 19. h4 Ne6 20. Rad1 Qb4 21. g3 Nc5 22. Qd2
Bg4 23. Rc1 Rad8 24. Nb1 d4 25. Bc4 Be6 26. Qxb4 axb4 27. Nd2 Bxc4 28. Nxc4 d3 1/2-1/2